吉林省县级行政区划 - Statistics

General Stats
  • This quiz has been taken 128 times
  • The average score is 38 of 60
Answer Stats
城市 区县 % Correct
长春市 公主岭市
88%
长春市 德惠市
86%
长春市 农安县
86%
长春市 二道区
84%
长春市 九台区
84%
延边朝鲜族自治州 延吉市
82%
长春市 绿园区
80%
长春市 宽城区
78%
长春市 朝阳区
78%
长春市 榆树市
76%
四平市 铁西区
76%
通化市 梅河口市
76%
长春市 南关区
75%
四平市 铁东区
73%
松原市 前郭尔罗斯蒙古族自治县
73%
延边朝鲜族自治州 图们市
73%
延边朝鲜族自治州 珲春市
73%
长春市 双阳区
71%
四平市 伊通满族自治县
71%
辽源市 西安区
71%
松原市 扶余市
71%
吉林市 昌邑区
69%
白山市 长白朝鲜族自治县
69%
延边朝鲜族自治州 龙井市
69%
吉林市 丰满区
67%
吉林市 舒兰市
67%
四平市 双辽市
67%
通化市 集安市
67%
延边朝鲜族自治州 敦化市
65%
通化市 通化县
63%
吉林市 船营区
61%
吉林市 永吉县
61%
通化市 二道江区
61%
松原市 宁江区
61%
白城市 洮南市
61%
延边朝鲜族自治州 安图县
61%
吉林市 磐石市
59%
白山市 靖宇县
59%
白城市 镇赉县
59%
延边朝鲜族自治州 汪清县
59%
吉林市 蛟河市
57%
吉林市 桦甸市
57%
白城市 洮北区
57%
白城市 通榆县
57%
延边朝鲜族自治州 和龙市
57%
吉林市 龙潭区
55%
辽源市 东丰县
55%
通化市 辉南县
55%
四平市 梨树县
53%
白城市 大安市
53%
白山市 浑江区
51%
辽源市 东辽县
49%
白山市 抚松县
49%
松原市 长岭县
47%
通化市 柳河县
45%
白山市 临江市
45%
白山市 江源区
43%
松原市 乾安县
43%
通化市 东昌区
41%
辽源市 龙山区
35%
No matching quizzes found
Score Distribution
Percent of People with Each Score
Percentile by Number Answered
Your Score History
You have not taken this quiz